Emoji Quiz-Animals and Nature - Statistics

General Stats
  • This quiz has been taken 140 times
  • The average score is 45 of 147
Answer Stats
Emoji Meaning % Correct
๐Ÿ• Dog
96%
๐Ÿˆ Cat
91%
๐Ÿ Mouse
83%
๐Ÿ‡ Rabbit
70%
๐Ÿ– Pig
68%
๐Ÿ€ Rat
66%
๐Ÿ” Chicken
65%
๐ŸŽ Horse
65%
๐Ÿ… Tiger
65%
๐Ÿ„ Cow
64%
๐Ÿ Snake
62%
๐Ÿ’ Monkey
61%
โ˜€๏ธ Sun
60%
๐Ÿฌ Dolphin
59%
๐Ÿ Honeybee
59%
๐ŸŒ Snail
59%
๐Ÿช Camel
58%
๐Ÿฆ€ Crab
58%
๐Ÿ•ท Spider
58%
๐Ÿ‹ Whale
58%
๐Ÿœ Ant
57%
๐Ÿž Lady beetle
57%
๐ŸŒน Rose
57%
๐Ÿข Turtle
56%
๐ŸŒต Cactus
55%
๐Ÿ˜ Elephant
55%
๐Ÿ Goat
55%
๐Ÿฆƒ Turkey
55%
๐ŸŸ Fish
54%
๐ŸŽ„ Christmas tree
53%
๐ŸŠ Crocodile
53%
๐Ÿ‰ Dragon
53%
๐ŸŽƒ Jack-o-lantern
53%
๐Ÿจ Koala
52%
๐Ÿ„ Mushroom
52%
๐Ÿง Penguin
52%
๐Ÿฉ Poodle
52%
๐Ÿ”ฅ Fire
50%
๐Ÿ™ Octopus
50%
๐ŸŒป Sunflower
50%
๐ŸŒท Tulip
49%
๐ŸŒด Palm tree
48%
โ˜๏ธ Cloud
47%
โ˜ƒ Snowman
47%
๐Ÿก Blowfish
46%
๐Ÿ“ Rooster
45%
๐Ÿ•Š Dove
44%
๐Ÿ€ Four leaf clover
44%
๐Ÿฆ‚ Scorpion
44%
โ„๏ธ Snowflake
44%
๐Ÿ•ธ Spider web
44%
๐ŸŒ• Full moon
43%
๐Ÿฝ Pig nose
42%
๐Ÿ Ram
42%
๐Ÿฆ Bird
41%
โ˜‚ Umbrella
41%
๐Ÿถ Dog face
38%
๐Ÿ† Leopard
37%
๐Ÿฑ Cat face
36%
๐Ÿญ Mouse face
36%
๐Ÿป Bear face
35%
๐Ÿฎ Cow face
35%
๐Ÿธ Frog face
35%
๐Ÿฆ Lion face
35%
๐Ÿผ Panda face
35%
๐Ÿท Pig face
35%
๐Ÿฐ Rabbit face
35%
๐Ÿฏ Tiger face
35%
๐Ÿด Horse face
33%
๐Ÿฆ„ Unicorn face
33%
๐Ÿน Hamster face
32%
๐Ÿต Monkey face
32%
๐Ÿบ Wolf face
32%
๐ŸŒช Tornado
31%
๐Ÿพ Paw prints
29%
๐Ÿฟ Chipmunk
27%
๐Ÿ Maple leaf
26%
๐Ÿƒ Water buffalo
26%
๐ŸŒง Cloud with rain
25%
๐Ÿฒ Dragon face
24%
๐Ÿ— Boar
23%
๐ŸŒ™ Crescent moon
22%
๐Ÿ‘ Ewe
21%
๐Ÿ’ Bouquet
20%
๐ŸŒซ Fog
19%
๐ŸŒ‘ New moon
19%
๐Ÿ‚ Ox
19%
๐Ÿ  Tropical fish
19%
๐Ÿซ Two-hump camel
19%
๐Ÿค Baby chick
18%
๐ŸŒฐ Chestnut
18%
๐Ÿ› Bug
14%
๐ŸŒจ Cloud with snow
14%
โ˜„ Comet
14%
๐ŸŒž Sun face
14%
๐ŸŒบ Hibiscus
13%
โ˜˜ Shamrock
13%
๐ŸŒธ Cherry blossom
12%
๐ŸŒฉ Cloud with lightning
12%
๐ŸŒฒ Evergreen tree
12%
๐ŸŒ Full moon face
12%
๐Ÿฃ Hatching chick
12%
๐ŸŒฑ Seedling
12%
๐ŸŒณ Deciduous tree
10%
๐Ÿ’ง Droplet
9%
๐Ÿ™‰ Hear-no-evil monkey
9%
๐Ÿ™ˆ See-no-evil monkey
9%
๐Ÿ™Š Speak-no-evil monkey
9%
โ›…๏ธ Sun behind cloud
9%
๐ŸŒ“ First quarter moon
8%
๐ŸŒฟ Herb
8%
๐ŸŒš New moon face
8%
โœจ Sparkles
8%
๐ŸŒผ Blossom
7%
๐ŸŒŸ Glowing star
7%
๐ŸŒ˜ Waning crescent moon
7%
๐Ÿฅ Front-facing baby chick
6%
๐Ÿณ Spouting whale
6%
๐ŸŒ– Waning gibbous moon
6%
๐ŸŒ’ Waxing crescent moon
6%
๐ŸŒ” Waxing gibbous moon
6%
โ›ˆ Cloud with lightning and rain
5%
๐Ÿ’ซ Dizzy
5%
๐Ÿ‚ Fallen leaf
5%
๐ŸŒ— Last quarter moon
5%
๐Ÿƒ Leaf fluttering in wind
5%
๐ŸŽ Pine decoration
5%
๐ŸŒพ Sheaf of rice
5%
๐ŸŒฆ Sun behind rain cloud
5%
๐ŸŽ‹ Tanabata tree
5%
โ˜”๏ธ Umbrella with raindrops
5%
๐Ÿ’ฅ Collision
4%
๐Ÿ’จ Dashing away
4%
๐ŸŒ› First quarter moon face
4%
๐ŸŒŽ Globe showing Americas
4%
๐ŸŒ Globe showing Asia-Australia
4%
๐ŸŒ Globe showing Europe-Africa
4%
โšก๏ธ High voltage
4%
๐ŸŒœ Last quarter moon face
4%
โ›„๏ธ Snowman without snow
4%
๐Ÿš Spiral shell
4%
๐ŸŒฅ Sun behind large cloud
4%
๐ŸŒค Sun behind small cloud
4%
๐Ÿ’ฆ Sweat droplets
4%
๐ŸŒŠ Water wave
4%
๐ŸŒฌ Wind face
4%
โญ๏ธ White medium star
3%
No matching quizzes found
Score Distribution
Percent of People with Each Score
Percentile by Number Answered
Your Score History
You have not taken this quiz